معدات تبريد متقدمة / (رقم التسجيلة. 28225)

تفاصيل مارك
000 -الفاتح
حقل البيانات ثابتة الطول 00704nam a2200193 a 4500
003 - محدد رقم الضبط
رقم الضبط OSt
005 - وقت وتاريخ اخر تعامل مع التسجيلة
رقم الضبط 20150408114120.0
008 - عناصر البيانات ثابتة الطول - معلومات عامة
حقل البيانات ثابتة الطول 130224t2009 ua a g b 000 0 ara d
020 ## - الرقم الدولى المعيارى للكتب
الرقم الدولى المعيارى للكتاب 9789770317702
040 ## - مصدر الفهرسة
وكالة الفهرسة الأصلية Ma-Un
082 04 - رقم تصنيف ديوى العشرى
رقم التصنيف 621.56
رقم المادة م ر م
رقم الطبعة 21
100 1# - المدخل الرئيسى - إسم شخصى
9 (RLIN) 21628
الإسم الشخصى محمود، رمضان أحمد.
245 10 - بيان العنوان
العنوان معدات تبريد متقدمة /
بيان المسئوليه,etc رمضان أحمد محمود.
260 ## - PUBLICATION, DISTRIBUTION, ETC. (IMPRINT)
مكان الناشر او الموزع الإسكندرية، مصر :
اسم الناشر او الموزع منشأة المعارف،
تاريخ النشر أو التوزيع [إيداع 2009
-- 1430]
300 ## - الوصف المادى
التعداد 234 ص. :
تفاصيل ماديه اخرى للوعاء جداول، رسوم ؛
أبعاد الوعاء 24 سم.
504 ## - تبصرة ببليوجرافية
تبصرة ببليوجرافية,الخ ببليوجرافية : ص. 233-234.
650 #7 - المدخل الاضافى بالموضوع-مصطلح موضوعى
مصطلح موضوعي أو اسم جغرافي كعنصر مدخل التبريد
9 (RLIN) 21792
التقسيم الفرعي العام معدات وإمدادات
مصدر الرأس أو المصطلح aucsh
942 ## - عناصر المدخل الإضافي( كوها)
مصدر التصنيف او مخطط الترفيف Dewey Decimal Classification
Koha [default] item type كتاب
المقتنيات
حالة الفقد نموذج السعر الفعال حالة تلف ليس للاعارة رقم الطلب رقم النسخة تاريخ الاكتساب الموقع الحالي الباركود الفرع الرئيسي Date last seen نوع المادة فى نظام كوها مصدر التصنيف او خطة الترفيف Total Checkouts
  2013-03-25   Not For Loan 621.56 م ر م 1 2013-03-25 المكتبة المركزية بالمجمعة (CL) 00203314 المكتبة المركزية بالمجمعة (CL) 2013-03-25 كتاب Dewey Decimal Classification  
  2013-03-25     621.56 م ر م 2 2013-03-25 المكتبة المركزية بالمجمعة (CL) 00203315 المكتبة المركزية بالمجمعة (CL) 2013-03-25 كتاب Dewey Decimal Classification  
  2013-03-25     621.56 م ر م 3 2013-03-25 المكتبة المركزية بالمجمعة (CL) 00203316 المكتبة المركزية بالمجمعة (CL) 2013-03-25 كتاب Dewey Decimal Classification